Estudio de prefactibilidad para un proyecto de instalación de agua potable en la comunidad La Montañita
El estudio aborda condiciones reales que permitan determinar la vialidad del proyecto, desde el aspecto geográfico, reconocimiento de fuentes de agua disponibles, análisis del agua, elección de alternativas para el abastecimiento; hasta los aspectos sociales involucrados en el proyecto, todo esto...
| Main Authors: | , |
|---|---|
| Other Authors: | |
| Format: | Tesis Section = Libro |
| Language: | Undetermined Spanish |
| Published: |
Managua
UNI
2010
|
| Subjects: |
| LEADER | 01197nam a2200253Ia 4500 | ||
|---|---|---|---|
| 008 | 240830s9999 xx 000 0 und d | ||
| 040 | |a BIBLIOTECA-RUPAP T.Mon 628.72 G643 | ||
| 041 | |a spa | ||
| 082 | |a T.Mon 628.72 G643 | ||
| 100 | 1 | |a González Ordoñes, Carlos Danilo | |
| 100 | 1 | |c Zelaya Zeledón, Emma Isabel | |
| 245 | 1 | 0 | |a Estudio de prefactibilidad para un proyecto de instalación de agua potable en la comunidad La Montañita |
| 260 | |a Managua |b UNI |c 2010 | ||
| 300 | |a 82 p. :il. | ||
| 500 | |a Contiene: anexos. | ||
| 502 | |a Tesis (Ingeniero Civil)- UNI, 2010. | ||
| 520 | 3 | |a El estudio aborda condiciones reales que permitan determinar la vialidad del proyecto, desde el aspecto geográfico, reconocimiento de fuentes de agua disponibles, análisis del agua, elección de alternativas para el abastecimiento; hasta los aspectos sociales involucrados en el proyecto, todo esto con el objetivo de resolver un problema que los habitantes de esta comunidad enfrentan a diario. | |
| 650 | 7 | |a ABASTECIMIENTO DE AGUA | |
| 650 | 7 | |b AGUA POTABLE | |
| 650 | 7 | |c INGENIERIA SANITARIA | |
| 700 | 1 | |a Tutor: |b Lanza Mejía, Nestor Javier | |
| 942 | |c BK |2 ddc | ||
| 991 | |a TESIS | ||
| 999 | |c 18460 | ||